| 000 | 01002nam a2200289 a 4500 | ||
|---|---|---|---|
| 008 | 170302e1984 ag ||||| |||| 001 0 spa d | ||
| 020 | _a8432304263 | ||
| 041 | _aspa | ||
| 092 |
_c100 _l11 _sCHA |
||
| 100 | 1 |
_aChalmers, Alan F. _93163 |
|
| 245 |
_a¿Qué es esa cosa llamada ciencia?. _bUna valoración de la naturaleza y el estatuto de la ciencia y sus métodos / _cAlan F. Chalmers |
||
| 250 | _a3a ed. | ||
| 260 |
_aMadrid: _bSiglo Veintiuno; _c1984. |
||
| 300 | _a246 p. | ||
| 500 | _aCharlmers, A. F. (1984). ¿Qué es esa cosa llamada ciencia?. Una valoración de la naturaleza y el estatuto de la ciencia y sus métodos. (3a ed.). España : Siglo Veintiuno. | ||
| 590 | _aDonacion Dra. Dora Vera 2017 | ||
| 653 | _aInductivismo | ||
| 653 | _aCiencia | ||
| 653 | _aObservacion | ||
| 653 | _aFalsacionismo | ||
| 653 | _aEstructuras | ||
| 653 | _aRacionalismo | ||
| 653 | _aObjetivismo | ||
| 653 | _aAnarquismo | ||
| 653 | _aRealismo, Instrumentalismo, verdad | ||
| 942 |
_2ddc _cBK |
||
| 999 |
_c2381 _d2381 |
||